000 00696nam a2200289Ia 4500
005 20260324145501.0
008 008 260324s9999 xx 000 0 eng d
020 _a9780429049187
037 _aEBOOK
040 _aCRL
040 _beng
040 _cCRL
041 _2eng
041 _aeng
084 _qCRL
100 _aOffice Of Technology Assessment
_9248085
245 0 _aCancer Risk
245 0 _bAssessing And Reducing The Dangers In Our Society
260 _bTaylor and Francis
260 _c1982
365 _a
365 _b230
856 _uhttp://www.taylorfrancis.com/books/9780429049187
942 _cEBOOK
999 _c1831099
_d1831099